000 00601nam a22002057a 4500
005 20251108175947.0
008 250721s2024 xx 000 0 ara d
082 1 4 _a155.282/امن
100 1 _aستانسبري، ماري
245 1 0 _aتحليل خط اليد في اللغة الانجليزية /
250 _aط.4
264 1 _aالقاهرة :
_bدار الفاروق للنشر،
_c2024.
300 _a304ص.
650 1 7 _aدراسة الخطوط
650 1 7 _aخط اليد
650 1 7 _aالشخصية
700 1 _aامند، كارين
942 _2ddc
_cBK
999 _c146478
_d146478